Villes de Washington - Carte Quiz - Statistiques

Statistiques générales
  • Ce quiz a été pris 36 fois
  • Le résultat moyen est 4 sur 14
Réponses sur la Carte
Les réponses sont colorées sur une échelle allant du rouge au vert en fonction du pourcentage des utilisateurs qui les ont devinées à leur premier essai. Vous pouvez retrouver ces pourcentages ci-dessous.
 
Statistiques - réponses
Réponse % Correct
Seattle
90%
Spokane
57%
Olympia
52%
Port Angeles
38%
Vancouver
38%
Bellingham
29%
Aberdeen
19%
Forks
19%
Kennewick
19%
Long Beach
14%
Walla Walla
14%
Wenatchee
10%
Yakima
10%
Pullman
5%
Aucun quiz correspondant
Distribution des résultats
% des personnes avec chaque résultat
Percentile par nombre de réponses
Votre historique - résultats
Vous n’avez pas pris ce quiz